00830nam a2200229 i 4500001000700000003000900007005001700016008004100033020001800074080002100092100003700113245002100150260005700171300002900228490001700257598005000274710003300324830002500357852005200382999001900434952014700453179376ES-MaACL20251003063154.0111111s1996 sp a |||| | spa d a84-88645-79-1 a821.134.2-14"19"0 aGallego, Vicente, d1963-95354610aVicente Gallego. aLleida : bAula de Poesia de la Universitat, c1996. a25 p. : bil. ; c17 cm.1 aVersos ; v8 aVersos, colección dirigida por Pere Rovira.2 aUniversidad de Lleida.972020 aVersos ; v89224455 aES-MaACLj2307-F-6 z. - Donativo M. A. Velasco c179376d179376 001040708Colección_de_folletosaATENEOMbATENEOMcDEPOFd2011-11-11eDONl0o2307-F-6p1188439r2023-02-23 00:00:00w2023-02-23yFOLLETOS